00615nam a2200193Ia 4500008004100000040000600041041001200047082001300059082001100072100001900083245010900102245001900211260001300230260002200243300005500265300001300320365002500333650006300358141004s9999 xx 000 0 und d ca aEnglish a333.7513 bFAM/CA aM.D Famindow aCattle, Deforestation and development in the amazon: an economic, Agronomic and enironmental Perspective cM.D Famindow aNew York bCAB International a253p.  b24x16cm. aBP 90  aDeforestation-Amazon area, Rain Forest Ecology-Amazon Area